[Event "Sautron op 15th"]
[Site "Sautron"]
[Date "2015.10.23"]
[Round "6.32"]
[White "Cabanas Jimenez, Manuel"]
[Black "Guyon, Sophie"]
[Result "1-0"]
[WhiteElo "2080"]
[BlackElo "1618"]
[PlyCount "93"]
[EventDate "2015.10.24"]
[EventType "swiss"]
[EventRounds "9"]
[EventCountry "FRA"]
[SourceTitle "EXT 2019"]
[Source "ChessBase"]
[SourceDate "2018.10.10"]
[SourceVersion "1"]
[SourceVersionDate "2018.10.10"]
[SourceQuality "1"]

1. e4 c5 2. Nf3 Nc6 3. d4 cxd4 4. Nxd4 Nf6 5. Nc3 e6 6. Nxc6 bxc6 7. e5 Nd5 8. Ne4 Qc7 9. f4 Qb6 10. c3 Ne3 11. Qe2 Nxf1 12. Qxf1 Ba6 13. Qf2 Bd3 14. Be3 Qa5 15. Nc5 Bxc5 16. Bxc5 Qa4 17. b4 Qc2 18. Qxc2 Bxc2 19. Kd2 Bg6 20. a4 f6 21. Ke3 a5 22. b5 cxb5 23. axb5 a4 24. b6 Bc2 25. Bd6 Kf7 26. Rhc1 Bb3 27. b7 Rab8 28. Bxb8 Rxb8 29. Rcb1 Rxb7 30. Rxa4 Bxa4 31. Rxb7 Bc6 32. Rb2 f5 33. Kd4 h6 34. Kc5 g5 35. g3 Kg6 36. Rb8 gxf4 37. gxf4 Kh5 38. Rg8 Kh4 39. Rg3 h5 40. Kd6 Ba4 41. c4 Bc6 42. c5 Ba4 43. Ke7 Bc6 44. Rd3 Kg4 45. Rxd7 Kxf4 46. Kxe6 Ke4 47. Rd8 1-0

[Event "FRA-ch U16 Girls"]
[Site "Pau"]
[Date "2015.04.29"]
[Round "5"]
[White "Chung, Mathilde"]
[Black "Guyon, Sophie"]
[Result "1-0"]
[WhiteElo "2001"]
[BlackElo "1572"]
[PlyCount "81"]
[EventDate "2015.04.26"]
[EventType "swiss"]
[EventRounds "9"]
[EventCountry "FRA"]
[SourceTitle "CBM 166 Extra"]
[Source "ChessBase"]
[SourceDate "2015.06.18"]
[SourceVersion "1"]
[SourceVersionDate "2015.06.18"]
[SourceQuality "1"]

1. d4 d5 2. c4 c6 3. e3 Nf6 4. Nc3 a6 5. Nf3 Bf5 6. Be2 b5 7. cxb5 cxb5 8. 0-0 e6 9. Bd2 Bd6 10. Rc1 0-0 11. Nh4 Bg6 12. Nxg6 fxg6 13. Bf3 Nbd7 14. Re1 Rc8 15. e4 e5 16. Nxd5 Nxd5 17. exd5 exd4 18. Rxc8 Qxc8 19. Bg4 Qc7 20. g3 Nf6 21. Be6+ Kh8 22. Qb3 Qb6 23. Qd3 a5 24. Rc1 Bc5 25. Bxa5 Qxa5 26. Rxc5 Qe1+ 27. Qf1 Qxf1+ 28. Kxf1 Ne4 29. Rc8 Rxc8 30. Bxc8 Kg8 31. Ke2 Kf7 32. Kd3 Nxf2+ 33. Kxd4 h5 34. Kc5 Ke7 35. Kxb5 Kd6 36. Be6 g5 37. a4 h4 38. a5 hxg3 39. hxg3 g4 40. Kb6 Ne4 41. a6 1-0

[Event "FRA-ch U14 Girls"]
[Site "Saint Paul Trois Chateaux"]
[Date "2013.05.02"]
[Round "5"]
[White "Guyon, Sophie"]
[Black "Afraoui, Anaelle"]
[Result "0-1"]
[WhiteElo "1466"]
[BlackElo "1609"]
[PlyCount "77"]
[EventDate "2013.04.28"]
[EventType "swiss"]
[EventRounds "9"]
[EventCountry "FRA"]
[SourceTitle "CBM 154 Extra"]
[Source "ChessBase"]
[SourceDate "2013.06.25"]
[SourceVersion "2"]
[SourceVersionDate "2013.06.25"]
[SourceQuality "1"]

1. e4 c5 2. Nf3 Nc6 3. d4 cxd4 4. Nxd4 Qb6 5. c3 Nf6 6. f3 a6 7. Na3 e6 8. Nc4 Qc7 9. Bg5 Be7 10. Bxf6 gxf6 11. Qd3 b5 12. Nd2 Bb7 13. N2b3 Ne5 14. Qd2 Nc4 15. Qc1 Bd6 16. g3 h5 17. Nd2 Nxd2 18. Qxd2 h4 19. g4 Bf4 20. Qe2 d5 21. Rd1 0-0 22. Rd3 dxe4 23. fxe4 Qe5 24. Bg2 Bxh2 25. Nf3 Bg3+ 26. Kf1 Qf4 27. Qe3 Bxe4 28. Qxf4 Bxd3+ 29. Kg1 Bxf4 30. Nxh4 Rad8 31. Nf3 Be3+ 32. Kh2 Kg7 33. Kg3 Rh8 34. Re1 Bb6 35. a3 Bc4 36. Rc1 Bd5 37. Rf1 Bxf3 38. Bxf3 Rd2 39. Rh1 0-1